Statistics for Countries that signed the Christchurch Call

Click here to take the quiz!

General Stats

  • This quiz has been taken 36 times
  • The average score is 12 of 17

Answer Stats

answer% Correct
United Kingdom
96%
France
89%
Australia
86%
Canada
82%
Germany
79%
New Zealand
79%
Spain
79%
Japan
75%
India
71%
Ireland
71%
Norway
71%
Italy
68%
Sweden
68%
Indonesia
61%
Netherlands
57%
Jordan
25%
Senegal
7%

Score Distribution

Percentile by Number Answered

Percent of People with Each Score

Your Score History

You have not taken this quiz